Score 0/24 Timer 02:00
1 Play Today
Hint 4-Letter Word % Correct
Opposite of frontBACK
98.3%
Common soccer actionKICK
97.9%
Use your tongueLICK
97.8%
Tumble to the groundFALL
97.3%
Shopping localeMALL
97.1%
Get the worst possible gradeFAIL
96.9%
Sports objectBALL
95.9%
Temporary release from jailBAIL
95.5%
QuicklyFAST
94.8%
Punching ball?FIST
94.7%
Not have enoughLACK
92.5%
Use your teethBITE
92.2%
Hint 4-Letter Word % Correct
Two-wheeled vehicleBIKE
91.9%
Light rainMIST
91.6%
2012 candidate RomneyMITT
90.9%
Milkshake alternativeMALT
90.8%
Support for a sailMAST
90%
To give someone a jobHIRE
89.7%
Illegal move by pitcherBALK
88.8%
A long outdoor walkHIKE
88.6%
Rabbit relativeHARE
86.7%
Microscopic bugMITE
85.9%
To feel painHURT
78%
Male deerHART
70%

Today's Daily Dose

Remove Ads.
Support Sporcle.
Get the best of Sporcle when you Go Orange. This ad-free experience offers more features, more stats, and more fun while also helping to support Sporcle. Thank you for becoming a member.

You're not logged in!

Compare scores with friends on all Sporcle quizzes.
OR
Log In

Show Comments

Extras

Top Quizzes Today


Score Distribution

Your Account Isn't Verified!

In order to create a playlist on Sporcle, you need to verify the email address you used during registration. Go to your Sporcle Settings to finish the process.

Report this User

Report this user for behavior that violates our Community Guidelines.

Details: